000 00602nam a2200193Ia 4500
003 GCL
008 140319s9999 xx 000 0 ara d
040 _aGCL /
_cGCL
082 0 4 _a811.1
_bم د
100 1 _aمحمد ابوالفضل ابراهيم
245 1 0 _aديوان امرىء القيس /
_cمحمد ابوالفضل ابراهيم
260 _a[S.N] :
_bدار المعارف ،
_c1990
300 _a540 ص
490 _aذخائر العرب
_v0
650 0 4 _aالشعر العربى
650 0 4 _aالعصر الجاهلى
650 0 4 _aدواوين وقصائد
942 _2ddc
_cBK
999 _c55815
_d55815